Score 0/16 Timer 05:00
3 Plays Today
Question Answer % Correct
Which natural landmark consisting of three waterfalls lies on the New York-Ontario border?Niagara Falls
90.7%
Which African river has two major tributaries, the White and the Blue, which have their confluence in Sudan?Nile
90%
What US state has the capital Carson City?Nevada
89.2%
What global city was renamed from New Amsterdam in 1665?New York
80.8%
What landlocked country is in the Himalayas?Nepal
79%
Can you name the water body in the images above?North Sea
78.5%
Which Canadian island comprises half of the easternmost province?Newfoundland
73%
Can you name the country whose flag is in the images above?Nicaragua
66.1%
Question Answer % Correct
Which Australian territory has the capital Darwin?Northern Territory
63.5%
Which coastal desert in Southern Africa translates as 'vast place' in the local Nama dialect?Namib Desert
61.6%
Can you name the country whose outline is in the images above?Nauru
57.6%
Which island in the South Pacific is the world's second largest and is a part of two countries?New Guinea
45.4%
Which constituent country is situated on Europe's third largest island?Northern Ireland
43.5%
What territory has the largest area, but lowest population out of Canada's provinces/territories?Nunavut
42.2%
Can you name the landmark in the images above?Neuschwanstein
35.7%
What is the capital of the Danish territory of Greenland?Nuuk
28.7%
Remove Ads.
Support Sporcle.
Get the best of Sporcle when you Go Orange. This ad-free experience offers more features, more stats, and more fun while also helping to support Sporcle. Thank you for becoming a member.

You're not logged in!

Compare scores with friends on all Sporcle quizzes.
OR
Log In

Show Comments

Extras

Top Quizzes Today


Score Distribution

Your Account Isn't Verified!

In order to create a playlist on Sporcle, you need to verify the email address you used during registration. Go to your Sporcle Settings to finish the process.

Report this User

Report this user for behavior that violates our Community Guidelines.

Details: